<?xml version="1.0" encoding="UTF-8"?><?xml-stylesheet type="text/xsl" href="static/style.xsl"?><OAI-PMH xmlns="http://www.openarchives.org/OAI/2.0/" xmlns:xsi="http://www.w3.org/2001/XMLSchema-instance" xsi:schemaLocation="http://www.openarchives.org/OAI/2.0/ http://www.openarchives.org/OAI/2.0/OAI-PMH.xsd"><responseDate>2026-04-17T06:21:20Z</responseDate><request verb="GetRecord" identifier="oai:www.recercat.cat:2072/442856" metadataPrefix="marc">https://recercat.cat/oai/request</request><GetRecord><record><header><identifier>oai:recercat.cat:2072/442856</identifier><datestamp>2026-03-13T07:17:01Z</datestamp><setSpec>com_2072_98</setSpec><setSpec>col_2072_378192</setSpec></header><metadata><record xmlns="http://www.loc.gov/MARC21/slim" xmlns:dcterms="http://purl.org/dc/terms/" xmlns:xsi="http://www.w3.org/2001/XMLSchema-instance" xmlns:doc="http://www.lyncode.com/xoai" xsi:schemaLocation="http://www.loc.gov/MARC21/slim http://www.loc.gov/standards/marcxml/schema/MARC21slim.xsd">
   <leader>00925njm 22002777a 4500</leader>
   <datafield ind2=" " ind1=" " tag="042">
      <subfield code="a">dc</subfield>
   </datafield>
   <datafield ind2=" " ind1=" " tag="720">
      <subfield code="a">Gil-Farrero, Judit</subfield>
      <subfield code="e">author</subfield>
   </datafield>
   <datafield ind2=" " ind1=" " tag="260">
      <subfield code="c">2020</subfield>
   </datafield>
   <datafield ind2=" " ind1=" " tag="520">
      <subfield code="a">Los espacios protegidos, más allá de su importancia natural y científica, son un reflejo del conjunto de valores y percepciones culturales de la sociedad que ha decidido su conservación. Así pues, la protección de la naturaleza es una cuestión compleja con múltiples facetas que se debe abordar de manera integral y con perspectiva histórica para dar visibilidad a los conflictos ambientales, a menudo latentes, que caracterizan los procesos de declaración de estos espacios. Esta propuesta historiográfica y metodológica se enmarca en la historia ambiental y presenta herramientas provenientes de este campo y de otras áreas afines, como la ecología política, la antropología ambiental o la geografía, que permiten ir más allá de los conocidos valores naturales y científicos de estos lugares para centrarse en los aspectos más humanos y sociales de los procesos que desembocan en la declaración de un espacio natural protegido. Es, pues, un abordaje interdisciplinar para una cuestión intrínsecamente interdisciplinar como es cualquier tema ambiental, la protección de la naturaleza entre ellos.</subfield>
   </datafield>
   <datafield ind2=" " ind1=" " tag="520">
      <subfield code="a">Els espais protegits, més enllà de la seva importància natural i científica, són un reflex del conjunt de valors i percepcions culturals de la societat que n'ha decidit la conservació. Així doncs, la protecció de la natura és una qüestió complexa amb múltiples facetes que s'ha d'abordar de manera integral i amb perspectiva històrica per donar visibilitat als conflictes ambientals, sovint latents, que caracteritzen els processos de declaració d'aquests espais. Aquesta proposta historiogràfica i metodològica s'emmarca en la història ambiental i presenta eines provinents d'aquest camp i d'altres àrees afins, com ara l'ecologia política, l'antropologia ambiental o la geografia, que permeten anar més enllà dels coneguts valors naturals i científics d'aquests llocs per centrar-se en els aspectes més humans i socials dels processos que desemboquen en la declaració d'un espai natural protegit. És, doncs, un abordatge interdisciplinari per a una qüestió intrínsecament interdisciplinària com és qualsevol tema ambiental, la protecció de la Natura entre ells.</subfield>
   </datafield>
   <datafield ind2=" " ind1=" " tag="520">
      <subfield code="a">Protected areas, in addition to their natural and scientific importance, are a reflection of the set of cultural values and perceptions of the society that has decided to preserve them. The protection of nature is thus a complex issue; it must be considered in a holistic way and with a historical perspective, to give visibility to the, often latent, environmental conflicts that characterize the processes of these spaces being officially designated. This historiographic and methodological proposal is framed within environmental history, and relies on tools from this field and other related areas, such as political ecology, environmental anthropology and geography, which enable an examination beyond accepted natural and scientific values of these places which focuses on the more human and social aspects of the processes involved in the designation of a protected natural area. It is, therefore, an interdisciplinary approach to an intrinsically interdisciplinary issue, as any environmental issue is, the protection of nature being one of them.</subfield>
   </datafield>
   <datafield tag="653" ind2=" " ind1=" ">
      <subfield code="a">Historia ambiental</subfield>
   </datafield>
   <datafield tag="653" ind2=" " ind1=" ">
      <subfield code="a">Protección de la naturaleza</subfield>
   </datafield>
   <datafield tag="653" ind2=" " ind1=" ">
      <subfield code="a">Conflictos ambientales</subfield>
   </datafield>
   <datafield tag="653" ind2=" " ind1=" ">
      <subfield code="a">Percepción del paisaje</subfield>
   </datafield>
   <datafield tag="653" ind2=" " ind1=" ">
      <subfield code="a">Historiografía</subfield>
   </datafield>
   <datafield tag="653" ind2=" " ind1=" ">
      <subfield code="a">Metodología</subfield>
   </datafield>
   <datafield tag="653" ind2=" " ind1=" ">
      <subfield code="a">Història ambiental</subfield>
   </datafield>
   <datafield tag="653" ind2=" " ind1=" ">
      <subfield code="a">Protecció de la natura</subfield>
   </datafield>
   <datafield tag="653" ind2=" " ind1=" ">
      <subfield code="a">Conflictes ambientals</subfield>
   </datafield>
   <datafield tag="653" ind2=" " ind1=" ">
      <subfield code="a">Percepció del paisatge</subfield>
   </datafield>
   <datafield tag="653" ind2=" " ind1=" ">
      <subfield code="a">Historiografia</subfield>
   </datafield>
   <datafield tag="653" ind2=" " ind1=" ">
      <subfield code="a">Metodologia</subfield>
   </datafield>
   <datafield tag="653" ind2=" " ind1=" ">
      <subfield code="a">Environmental history</subfield>
   </datafield>
   <datafield tag="653" ind2=" " ind1=" ">
      <subfield code="a">Protection of nature</subfield>
   </datafield>
   <datafield tag="653" ind2=" " ind1=" ">
      <subfield code="a">Environmental conflicts</subfield>
   </datafield>
   <datafield tag="653" ind2=" " ind1=" ">
      <subfield code="a">Perception of the landscape</subfield>
   </datafield>
   <datafield tag="653" ind2=" " ind1=" ">
      <subfield code="a">Historiography</subfield>
   </datafield>
   <datafield tag="653" ind2=" " ind1=" ">
      <subfield code="a">Methodology</subfield>
   </datafield>
   <datafield ind2="0" ind1="0" tag="245">
      <subfield code="a">La protección de la naturaleza : problemáticas, métodos e historiografía</subfield>
   </datafield>
</record></metadata></record></GetRecord></OAI-PMH>